000 00689nam a2200193 a 4500
001 000039641
005 20201002033643.0
008 130712s2008 mx 000 0 spa d
020 _a9789703707478
040 _aDO-SdBNP
_bspa
_cBNPHU
245 0 0 _aDon DeLillo :
_bel hombre del salto /
_ctraducción del inglés por Ramón Buenaventura.
260 _aMéxico :
_bSeix Barral,
_c2008.
300 _a289 p. ;
_c24 cm.
490 1 _aSeix Barral biblioteca Fomentor
504 _aIncluye datos biográficos del autor en la solapa de la cubierta
546 _aTítulo original : Falling Man
700 1 _aBuenaventura, Ramón
_etr.
_965827
830 0 _aSeix Barral biblioteca Fomentor
_965828
999 _c39131
_d39131